00346nam a2200109 a 4500082001200000100003400012245004300046260003300089300001000122650003400132856007000166 a546 MEL1 aPARKES, M. A. D. PHIL. G. D.10aMellor' S modern inorganic chemistry / a[S.l.] :bJohn Wiley,c1961. a1024p achemistry,inorganic chemistry40uhttp://www.amazon.com/exec/obidos/ASIN/B000HKRHP4/chopaconline-20